Proyecto Ley sobre reforma agraria

Guardado en:
Bibliografiske detaljer
Institution som forfatter: Costa Rica. Asamblea Legislativa
Format: Texto
Udgivet: San José: AL
Tags: Tilføj Tag
Ingen Tags, Vær først til at tagge denne postø!

MARC

LEADER 00000 a a2200000 04500
001 24058
003
040 |a CRAI/IIS  |c CRAI/IIS 
090 |a 171000  
110 |a Costa Rica. Asamblea Legislativa  
245 |a Proyecto Ley sobre reforma agraria  
260 |a San José:   |b AL  
300 |a 29 p.  
999 |c 4343  |d 4343